[Event "RUS-Cup01"]
[Site "Tomsk"]
[Date "2003.07.08"]
[Round "5"]
[White "Nigametzianov, Mikhail"]
[Black "Galuzin, Gennady"]
[Result "1-0"]
[WhiteElo "2269"]
[BlackElo "2144"]
[PlyCount "61"]
[EventDate "2003.07.04"]
[EventType "swiss"]
[EventRounds "9"]
[EventCountry "RUS"]
[SourceTitle "CBM 095 Extra"]
[Source "ChessBase"]
[SourceDate "2003.09.04"]
[SourceVersion "1"]
[SourceVersionDate "2003.09.04"]
[SourceQuality "1"]

1. d4 Nf6 2. Nf3 e6 3. a3 b5 4. e3 a6 5. Nbd2 Bb7 6. c4 bxc4 7. Bxc4 c5 8. dxc5 Bxc5 9. b4 Ba7 10. Bb2 0-0 11. 0-0 d6 12. Nb3 Nc6 13. Qe2 Ne4 14. Bxa6 Bxa6 15. Qxa6 Qd7 16. Qd3 f5 17. Rac1 Rf7 18. Rfd1 Qb7 19. Rc2 Bb6 20. Rdc1 Ne7 21. Nbd2 Ng6 22. Rc6 Nxd2 23. Qxd2 Bc7 24. Ng5 Re7 25. Nxe6 Bd8 26. Nxd8 Rxd8 27. Rxd6 Rde8 28. Qd5+ Qxd5 29. Rxd5 f4 30. Bd4 h6 31. h3 1-0

[Event "RUS-Cup01"]
[Site "Tomsk"]
[Date "2003.07.07"]
[Round "4"]
[White "Galuzin, Gennady"]
[Black "Tiumentsev, Andrey"]
[Result "1-0"]
[WhiteElo "2144"]
[BlackElo "2253"]
[PlyCount "71"]
[EventDate "2003.07.04"]
[EventType "swiss"]
[EventRounds "9"]
[EventCountry "RUS"]
[SourceTitle "CBM 095 Extra"]
[Source "ChessBase"]
[SourceDate "2003.09.04"]
[SourceVersion "1"]
[SourceVersionDate "2003.09.04"]
[SourceQuality "1"]

1. d4 d5 2. c4 e6 3. Nc3 c5 4. cxd5 cxd4 5. Qa4+ Bd7 6. Qxd4 exd5 7. e3 Nc6 8. Qd1 Nf6 9. Nf3 Bb4 10. Bd2 Qe7 11. Be2 0-0-0 12. 0-0 g5 13. Nb5 Bc5 14. Rc1 Kb8 15. Bc3 Bb6 16. Nbd4 g4 17. Nxc6+ bxc6 18. Ne5 Bc7 19. Nxd7+ Qxd7 20. g3 Qe6 21. Qd4 Ne4 22. Qb4+ Bb6 23. Bxh8 Rxh8 24. a4 c5 25. Qb5 Ka8 26. a5 Bc7 27. Qa4 c4 28. Bxc4 Nd2 29. Bb5 Nf3+ 30. Kg2 Qh6 31. Bc6+ Kb8 32. Qb4+ Bb6 33. Qxg4 Nxh2 34. Qd7 Bc7 35. Bxd5 Rd8 36. Qxc7# 1-0

[Event "RUS-Cup01"]
[Site "Tomsk"]
[Date "2003.07.04"]
[Round "1"]
[White "Katalymov, Boris N"]
[Black "Galuzin, Gennady"]
[Result "1-0"]
[WhiteElo "2394"]
[BlackElo "2144"]
[PlyCount "89"]
[EventDate "2003.07.04"]
[EventType "swiss"]
[EventRounds "9"]
[EventCountry "RUS"]
[SourceTitle "CBM 095 Extra"]
[Source "ChessBase"]
[SourceDate "2003.09.04"]
[SourceVersion "1"]
[SourceVersionDate "2003.09.04"]
[SourceQuality "1"]

1. e4 e5 2. Nf3 Nc6 3. Bb5 Nf6 4. Nc3 Bc5 5. 0-0 Qe7 6. Nd5 Nxd5 7. exd5 Nd4 8. Nxd4 Bxd4 9. c3 Bb6 10. d4 0-0 11. Re1 d6 12. Qh5 g6 13. Qh6 f6 14. a4 a6 15. Bd3 Qf7 16. a5 Ba7 17. h4 Bf5 18. Bxf5 gxf5 19. dxe5 dxe5 20. Be3 Bxe3 21. Qxe3 Qxd5 22. Qh3 Qe6 23. Ra4 Rf7 24. Rf4 Rd8 25. Rxf5 Rd6 26. Qf3 b6 27. axb6 cxb6 28. g4 h6 29. Qa8+ Kh7 30. Qe4 Kg8 31. Kh2 Rg7 32. Kh3 a5 33. Re3 Rc7 34. Rff3 Rg7 35. h5 Rg5 36. Kh4 Rd7 37. Rd3 f5 38. Rxf5 Rxf5 39. Rxd7 Qxd7 40. gxf5 Qd2 41. Kg3 Qxb2 42. Qd5+ Kf8 43. Qd8+ Kf7 44. Qd7+ Kg8 45. Qe8+ 1-0

[Event "Capital of Sibiria op"]
[Site "Novosibirsk"]
[Date "2002.07.19"]
[Round "1"]
[White "Galuzin, Gennady"]
[Black "Yudin, Sergei"]
[Result "0-1"]
[WhiteElo "2108"]
[BlackElo "2328"]
[PlyCount "64"]
[EventDate "2002.07.19"]
[EventType "swiss"]
[EventRounds "9"]
[EventCountry "RUS"]
[SourceTitle "CBM 089 Extra"]
[Source "ChessBase"]
[SourceDate "2002.09.10"]
[SourceVersion "2"]
[SourceVersionDate "2002.09.10"]
[SourceQuality "1"]

1. Nf3 d5 2. d4 e6 3. c4 Nf6 4. Nc3 c6 5. e3 Nbd7 6. a3 Bd6 7. cxd5 exd5 8. Bd3 0-0 9. 0-0 a5 10. h3 Re8 11. Qc2 Qe7 12. Nd2 Nf8 13. e4 dxe4 14. Ndxe4 Nxe4 15. Bxe4 Qh4 16. Bf5 Qxd4 17. Bxc8 Raxc8 18. Be3 Qe5 19. g3 Qh5 20. Kg2 Re6 21. Rad1 Rce8 22. Rd4 Bxg3 23. Kxg3 Rxe3+ 24. fxe3 Rxe3+ 25. Kf2 Qxh3 26. Ne2 Rf3+ 27. Ke1 Rxf1+ 28. Kd2 Qh6+ 29. Kc3 Rf3+ 30. Rd3 Qf6+ 31. Kd2 Rxd3+ 32. Kxd3 h5 0-1

[Event "Novosibirsk-ch"]
[Site "Novosibirsk"]
[Date "2001.11.14"]
[Round "2"]
[White "Polovnikov, Gleb"]
[Black "Galuzin, Gennady"]
[Result "1-0"]
[WhiteElo "2217"]
[BlackElo "2063"]
[PlyCount "63"]
[EventDate "2001.11.13"]
[EventType "swiss"]
[EventRounds "9"]
[EventCountry "RUS"]
[SourceTitle "CBM 085 Extra"]
[Source "ChessBase"]
[SourceDate "2002.01.21"]
[SourceVersion "1"]
[SourceVersionDate "2002.01.21"]
[SourceQuality "1"]

1. e4 c5 2. Nf3 d6 3. d4 cxd4 4. Nxd4 Nf6 5. Nc3 a6 6. f3 g6 7. Be3 Bg7 8. Qd2 Nc6 9. 0-0-0 Bd7 10. h4 h5 11. Kb1 Rc8 12. Bg5 Nxe4 13. Nxe4 Nxd4 14. Nxd6+ Kf8 15. Nxc8 Qxc8 16. c3 Bf5+ 17. Bd3 Nc6 18. Bxf5 Qxf5+ 19. Qd3 Qxd3+ 20. Rxd3 f6 21. Be3 Ne5 22. Rd8+ Kf7 23. Rxh8 Bxh8 24. Rd1 Bg7 25. Rd8 Nc4 26. Bf2 g5 27. hxg5 fxg5 28. Rd7 b5 29. Ra7 a5 30. Bc5 Bf6 31. Rb7 h4 32. Rxb5 1-0

[Event "Novosibirsk op"]
[Site "Novosibirsk"]
[Date "2001.07.20"]
[Round "2"]
[White "Galuzin, Gennady"]
[Black "Ubiennykh, Ekaterina"]
[Result "0-1"]
[WhiteElo "2063"]
[BlackElo "2288"]
[PlyCount "46"]
[EventDate "2001.07.18"]
[EventType "swiss"]
[EventRounds "11"]
[EventCountry "RUS"]
[SourceTitle "CBM 083 Extra"]
[Source "ChessBase"]
[SourceDate "2001.09.11"]
[SourceVersion "1"]
[SourceVersionDate "2001.09.11"]
[SourceQuality "1"]

1. d4 Nf6 2. Nf3 d5 3. Bg5 e6 4. e3 Be7 5. Bd3 0-0 6. Nbd2 c5 7. c3 Nbd7 8. Ne5 Nxe5 9. dxe5 Nd7 10. Bf4 g6 11. h4 f6 12. Qg4 fxe5 13. Qxe6+ Kh8 14. Bxe5+ Nf6 15. Qxe7 Qxe7 16. Bf4 Bf5 17. Be2 d4 18. cxd4 cxd4 19. exd4 Bd3 20. Be5 Bxe2 21. Kxe2 Kg8 22. f4 Ng4 23. Nf3 Rxf4 0-1

[Event "Novosibirsk op"]
[Site "Novosibirsk"]
[Date "2001.07.19"]
[Round "1"]
[White "Degterev, Alexander"]
[Black "Galuzin, Gennady"]
[Result "1-0"]
[WhiteElo "2328"]
[BlackElo "2063"]
[PlyCount "65"]
[EventDate "2001.07.18"]
[EventType "swiss"]
[EventRounds "11"]
[EventCountry "RUS"]
[SourceTitle "CBM 083 Extra"]
[Source "ChessBase"]
[SourceDate "2001.09.11"]
[SourceVersion "1"]
[SourceVersionDate "2001.09.11"]
[SourceQuality "1"]

1. d4 Nf6 2. c4 e6 3. g3 Bb4+ 4. Bd2 Bxd2+ 5. Qxd2 d5 6. Nf3 0-0 7. Bg2 Ne4 8. Qc2 Nd7 9. 0-0 c6 10. Nc3 Nxc3 11. Qxc3 b6 12. Nd2 Bb7 13. e4 dxe4 14. Nxe4 Nf6 15. c5 Nxe4 16. Bxe4 b5 17. a4 a6 18. Rfe1 Qc7 19. Bf3 Rfb8 20. Kg2 h6 21. b4 Bc8 22. axb5 axb5 23. Rxa8 Rxa8 24. Ra1 Rxa1 25. Qxa1 Bd7 26. Qa8+ Kh7 27. Qf8 Bc8 28. h4 Qd7 29. Be4+ f5 30. Bf3 Bb7 31. Qd6 Qe8 32. Qc7 Kg8 33. Qxb7 1-0